书目信息 |
| 题名: |
续西游记
|
|
| 作者: | 刘玉凯 , 宋庆万 点校 | |
| 分册: | 下册 | |
| 出版信息: | 北京 中国经济出版社 2012.08 |
|
| 页数: | 324-646页 | |
| 开本: | 24cm | |
| 丛书名: | 另类名著丛书 | |
| 单 册: | ||
| 中图分类: | I242.49 | |
| 科图分类: | ||
| 主题词: | 古典小说--gu dian xiao shuo--中国--明代 , 章回小说--zhang hui xiao shuo--中国--明代 , 长篇小说--chang pian xiao shuo--中国--明代 | |
| 电子资源: | ||
| ISBN: | 978-7-5136-1200-5 | |
| 000 | 01083nam 2200289 450 | |
| 001 | CAL 010090199578 | |
| 010 | @a978-7-5136-1200-5@dCNY34.00 | |
| 100 | @a20131212d2012 em y0chiy50 ea | |
| 101 | 0 | @achi |
| 102 | @aCN@b110000 | |
| 105 | @ay z 000ay | |
| 200 | 1 | @a续西游记@Axu xi you ji@h下册@f(明) 无名氏撰@g刘玉凯, 宋庆万点校 |
| 210 | @a北京@c中国经济出版社@d2012.08 | |
| 215 | @a324-646页@d24cm | |
| 225 | 2 | @a另类名著丛书@Aling lei ming zhu cong shu |
| 330 | @a本书写唐僧师徒四人在求取真经返回东土的路上发生的故事。据云经卷能消灾去病、延寿增福, 故妖魔竞相争之。如来佛因悟空等来时降妖灭怪、杀伤生灵, 违背佛规…… | |
| 410 | 0 | @12001 @a另类名著丛书 |
| 606 | 0 | @a古典小说@Agu dian xiao shuo@y中国@z明代 |
| 606 | 0 | @a章回小说@Azhang hui xiao shuo@y中国@z明代 |
| 606 | 0 | @a长篇小说@Achang pian xiao shuo@y中国@z明代 |
| 690 | @aI242.49@v5 | |
| 701 | 0 | @a刘玉凯@Aliu yu kai@4点校 |
| 701 | 0 | @a宋庆万@Asong qing wan@4点校 |
| 801 | 0 | @aCN@c20131212 |
| 803 | @a上, 322 ; 下, 324-646 | |
| 905 | @dI242.49@eW734:2@f3 | |
| 962 | @aA9787513612005#20120829111023265 | |
| 续西游记.下册/(明) 无名氏撰/刘玉凯, 宋庆万点校.-北京:中国经济出版社,2012.08 |
| 324-646页;24cm.-(另类名著丛书) |
| ISBN 978-7-5136-1200-5:CNY34.00 |
| 本书写唐僧师徒四人在求取真经返回东土的路上发生的故事。据云经卷能消灾去病、延寿增福, 故妖魔竞相争之。如来佛因悟空等来时降妖灭怪、杀伤生灵, 违背佛规…… |
| ● |
| 相关链接 |
|
|
|
正题名:续西游记
索取号:I242.49/W734:2
 
预约/预借
| 序号 | 登录号 | 条形码 | 馆藏地/架位号 | 状态 | 备注 |
| 1 | 811395 | 208113959 | 文学库108/108文学库 23排2列2层/ [索取号:I242.49/W734:2] | 在馆 | |
| 2 | 811396 | 208113968 | 文学库108/108文学库 23排2列2层/ [索取号:I242.49/W734:2] | 在馆 | |
| 3 | 811397 | 208113977 | 文学库108/108文学库 23排2列2层/ [索取号:I242.49/W734:2] | 在馆 |